[Event "DEM U14 2023"]
[Site "Willingen GER"]
[Date "2023.06.01"]
[Round "7"]
[White "Halich, Jan Finnian"]
[Black "Grabs, Peter"]
[Result "0-1"]
[Termination "normal"]
[Board "23"]
[BlackTitle "CM"]
[WhiteElo "1134"]
[BlackElo "1552"]
[WhiteClock "00:23:53"]
[BlackClock "01:08:56"]
[PlyCount "46"]
[WhiteFideId "34623710"]
[BlackFideId "16203887"]
[EventCountry "GER"]
[EventRounds "9"]
[EventType "swiss"]
[EventDate "2023.05.27"]

1. e4 {[%clk 01:30:57]} {[%emt 00:00:02]} e6 {[%clk 01:30:58]} {[%emt
00:00:03]} 2. d4 {[%clk 01:31:23]} {[%emt 00:00:04]} d5 {[%clk 01:31:25]}
{[%emt 00:00:03]} 3. Nd2 {[%clk 01:31:25]} {[%emt 00:00:27]} h6 {[%clk
01:31:50]} {[%emt 00:00:05]} 4. c3 {[%clk 01:30:42]} {[%emt 00:01:13]} c5
{[%clk 01:32:15]} {[%emt 00:00:06]} 5. Bd3 {[%clk 01:30:26]} {[%emt 00:00:45]}
Nc6 {[%clk 01:32:09]} {[%emt 00:00:36]} 6. Ne2 {[%clk 01:30:21]} {[%emt
00:00:36]} Nf6 {[%clk 01:30:50]} {[%emt 00:01:48]} 7. e5 {[%clk 01:29:01]}
{[%emt 00:01:51]} Nd7 {[%clk 01:31:14]} {[%emt 00:00:06]} 8. Nf3 {[%clk
01:28:28]} {[%emt 00:01:02]} Qb6 {[%clk 01:29:06]} {[%emt 00:02:38]} 9. Rb1
{[%clk 01:24:33]} {[%emt 00:04:25]} cxd4 {[%clk 01:29:29]} {[%emt 00:00:08]}
10. cxd4 {[%clk 01:22:07]} {[%emt 00:02:56]} Nb4 {[%clk 01:29:32]} {[%emt
00:00:26]} 11. a3 {[%clk 01:19:35]} {[%emt 00:03:02]} Nxd3+ {[%clk 01:29:22]}
{[%emt 00:00:40]} 12. Qxd3 {[%clk 01:18:24]} {[%emt 00:01:42]} Be7 {[%clk
01:28:25]} {[%emt 00:01:26]} 13. Bd2 {[%clk 01:13:58]} {[%emt 00:04:54]} Nb8
{[%clk 01:24:59]} {[%emt 00:03:58]} 14. O-O {[%clk 01:13:06]} {[%emt 00:01:23]}
Bd7 {[%clk 01:25:14]} {[%emt 00:00:15]} 15. Nc3 {[%clk 01:04:16]} {[%emt
00:09:20]} a5 {[%clk 01:23:41]} {[%emt 00:02:03]} 16. b4 {[%clk 00:58:16]}
{[%emt 00:06:29]} axb4 {[%clk 01:22:06]} {[%emt 00:02:05]} 17. axb4 {[%clk
00:58:24]} {[%emt 00:00:23]} O-O {[%clk 01:19:57]} {[%emt 00:02:38]} 18. Qc2
{[%clk 00:48:04]} {[%emt 00:10:50]} Rc8 {[%clk 01:15:15]} {[%emt 00:05:11]} 19.
Qc1 {[%clk 00:44:41]} {[%emt 00:03:54]} Nc6 {[%clk 01:14:37]} {[%emt 00:01:07]}
20. Bxh6 {[%clk 00:31:34]} {[%emt 00:13:38]} gxh6 {[%clk 01:10:42]} {[%emt
00:04:26]} 21. Qxh6 {[%clk 00:31:34]} {[%emt 00:00:29]} Qd8 {[%clk 01:10:51]}
{[%emt 00:00:20]} 22. Nb5 {[%clk 00:30:05]} {[%emt 00:02:00]} Nxe5 {[%clk
01:08:58]} {[%emt 00:02:23]} 23. Nxe5 {[%clk 00:23:53]} {[%emt 00:06:42]} Bxb5
{[%clk 01:08:56]} {[%emt 00:00:33]} 0-1

[Event "DEM U14 2023"]
[Site "Willingen GER"]
[Date "2023.06.01"]
[Round "7"]
[White "Tabales, Lennart"]
[Black "Skembris, Simon Max"]
[Result "0-1"]
[Termination "normal"]
[Board "24"]
[WhiteElo "1374"]
[BlackElo "1967"]
[WhiteClock "00:05:13"]
[BlackClock "00:11:35"]
[PlyCount "114"]
[WhiteFideId "34604057"]
[BlackFideId "16281381"]
[EventCountry "GER"]
[EventRounds "9"]
[EventType "swiss"]
[EventDate "2023.05.27"]

1. d4 {[%clk 01:30:57]} {[%emt 00:00:02]} Nf6 {[%clk 01:30:53]} {[%emt
00:00:07]} 2. Bf4 {[%clk 01:31:21]} {[%emt 00:00:06]} d6 {[%clk 01:30:56]}
{[%emt 00:00:26]} 3. e3 {[%clk 01:31:27]} {[%emt 00:00:25]} g6 {[%clk
01:30:58]} {[%emt 00:00:29]} 4. Nf3 {[%clk 01:31:41]} {[%emt 00:00:15]} Bg7
{[%clk 01:31:16]} {[%emt 00:00:12]} 5. h3 {[%clk 01:31:39]} {[%emt 00:00:32]}
O-O {[%clk 01:29:11]} {[%emt 00:02:34]} 6. Be2 {[%clk 01:30:25]} {[%emt
00:01:45]} Nfd7 {[%clk 01:27:21]} {[%emt 00:02:20]} 7. O-O {[%clk 01:25:51]}
{[%emt 00:05:04]} e5 {[%clk 01:23:51]} {[%emt 00:03:59]} 8. Bg5 {[%clk
01:22:51]} {[%emt 00:03:28]} f6 {[%clk 01:19:47]} {[%emt 00:04:38]} 9. Bh4
{[%clk 01:22:41]} {[%emt 00:00:40]} g5 {[%clk 01:17:00]} {[%emt 00:03:16]} 10.
Bg3 {[%clk 01:19:27]} {[%emt 00:03:44]} e4 {[%clk 01:14:26]} {[%emt 00:03:04]}
11. Nfd2 {[%clk 01:19:09]} {[%emt 00:00:48]} f5 {[%clk 01:13:35]} {[%emt
00:01:21]} 12. Bc4+ {[%clk 01:13:17]} {[%emt 00:06:23]} Kh8 {[%clk 01:12:07]}
{[%emt 00:01:57]} 13. Bh2 {[%clk 01:07:45]} {[%emt 00:06:03]} Nf6 {[%clk
01:06:47]} {[%emt 00:05:49]} 14. Re1 {[%clk 00:58:19]} {[%emt 00:09:55]} a6
{[%clk 01:02:35]} {[%emt 00:04:43]} 15. a4 {[%clk 00:56:13]} {[%emt 00:02:37]}
b6 {[%clk 01:00:04]} {[%emt 00:03:00]} 16. Nc3 {[%clk 00:51:32]} {[%emt
00:05:11]} Qe8 {[%clk 00:55:55]} {[%emt 00:04:38]} 17. Nd5 {[%clk 00:48:43]}
{[%emt 00:03:20]} Ra7 {[%clk 00:50:51]} {[%emt 00:05:34]} 18. Nxc7 {[%clk
00:41:17]} {[%emt 00:07:56]} Rxc7 {[%clk 00:45:47]} {[%emt 00:05:34]} 19. Bxd6
{[%clk 00:41:13]} {[%emt 00:00:34]} Qd7 {[%clk 00:43:26]} {[%emt 00:02:51]} 20.
Bxc7 {[%clk 00:40:36]} {[%emt 00:01:08]} Qxc7 {[%clk 00:42:39]} {[%emt
00:01:17]} 21. Ra3 {[%clk 00:34:26]} {[%emt 00:06:39]} Qd7 {[%clk 00:40:45]}
{[%emt 00:02:24]} 22. Rb3 {[%emt 00:06:50]} g4 {[%clk 00:34:23]} {[%emt
00:03:05]} 23. h4 {[%clk 00:30:15]} {[%emt 00:02:08]} g3 {[%clk 00:30:03]}
{[%emt 00:04:51]} 24. fxg3 {[%clk 00:26:11]} {[%emt 00:04:34]} Qc7 {[%clk
00:28:07]} {[%emt 00:02:25]} 25. Qe2 {[%clk 00:23:36]} {[%emt 00:03:06]} Qxg3
{[%clk 00:26:30]} {[%emt 00:02:06]} 26. Qf2 {[%clk 00:23:15]} {[%emt 00:00:51]}
Qc7 {[%clk 00:25:45]} {[%emt 00:01:14]} 27. Rf1 {[%clk 00:16:49]} {[%emt
00:06:58]} Ng4 {[%clk 00:25:02]} {[%emt 00:01:12]} 28. Qf4 {[%clk 00:16:42]}
{[%emt 00:00:37]} Qxf4 {[%clk 00:23:09]} {[%emt 00:02:24]} 29. exf4 {[%clk
00:16:10]} {[%emt 00:01:01]} Bxd4+ {[%clk 00:23:06]} {[%emt 00:00:34]} 30. Kh1
{[%clk 00:15:56]} {[%emt 00:00:43]} Nc6 {[%clk 00:20:38]} {[%emt 00:02:57]} 31.
Be2 {[%clk 00:12:01]} {[%emt 00:04:24]} h5 {[%clk 00:19:07]} {[%emt 00:02:04]}
32. Bxg4 {[%clk 00:11:43]} {[%emt 00:00:48]} hxg4 {[%clk 00:19:12]} {[%emt
00:00:25]} 33. c3 {[%clk 00:10:52]} {[%emt 00:01:22]} Be3 {[%clk 00:17:08]}
{[%emt 00:02:33]} 34. Nc4 {[%clk 00:10:26]} {[%emt 00:00:52]} Be6 {[%clk
00:16:47]} {[%emt 00:00:54]} 35. Nxe3 {[%clk 00:06:46]} {[%emt 00:04:11]} Bxb3
{[%clk 00:17:06]} {[%emt 00:00:11]} 36. Ra1 {[%clk 00:06:40]} {[%emt 00:00:36]}
Kg7 {[%clk 00:12:51]} {[%emt 00:04:44]} 37. Ra3 {[%clk 00:06:10]} {[%emt
00:01:01]} Na5 {[%clk 00:12:30]} {[%emt 00:00:52]} 38. Kg1 {[%clk 00:05:43]}
{[%emt 00:00:56]} Be6 {[%clk 00:11:14]} {[%emt 00:01:44]} 39. Kf1 {[%clk
00:05:44]} {[%emt 00:00:22]} Rd8 {[%clk 00:10:30]} {[%emt 00:01:23]} 40. Ke1
{[%clk 00:05:11]} {[%emt 00:01:02]} Nc4 {[%clk 00:09:45]} {[%emt 00:01:16]} 41.
Nxc4 {[%clk 00:05:31]} {[%emt 00:00:09]} Bxc4 {[%clk 00:10:02]} {[%emt
00:00:13]} 42. Ra1 {[%clk 00:04:50]} {[%emt 00:01:12]} e3 {[%clk 00:08:24]}
{[%emt 00:02:08]} 43. Rd1 {[%clk 00:04:39]} {[%emt 00:00:41]} Rxd1+ {[%clk
00:08:44]} {[%emt 00:00:10]} 44. Kxd1 {[%clk 00:05:01]} {[%emt 00:00:08]} g3
{[%clk 00:08:49]} {[%emt 00:00:24]} 45. Kc2 {[%clk 00:04:52]} {[%emt 00:00:36]}
Kg6 {[%clk 00:08:31]} {[%emt 00:00:52]} 46. Kd1 {[%clk 00:04:38]} {[%emt
00:00:43]} Kh5 {[%clk 00:08:41]} {[%emt 00:00:20]} 47. b4 {[%clk 00:04:25]}
{[%emt 00:00:44]} Kxh4 {[%clk 00:08:49]} {[%emt 00:00:22]} 48. a5 {[%clk
00:04:38]} {[%emt 00:00:17]} bxa5 {[%clk 00:09:13]} {[%emt 00:00:06]} 49. bxa5
{[%clk 00:04:58]} {[%emt 00:00:10]} Kg4 {[%clk 00:09:36]} {[%emt 00:00:07]} 50.
Ke1 {[%clk 00:05:17]} {[%emt 00:00:12]} Kxf4 {[%clk 00:09:58]} {[%emt
00:00:07]} 51. Kd1 {[%clk 00:05:29]} {[%emt 00:00:18]} Ke4 {[%clk 00:10:17]}
{[%emt 00:00:12]} 52. Kc2 {[%clk 00:05:33]} {[%emt 00:00:26]} Bf1 {[%clk
00:10:29]} {[%emt 00:00:17]} 53. Kd1 {[%clk 00:04:28]} {[%emt 00:01:34]} Bxg2
{[%clk 00:10:51]} {[%emt 00:00:08]} 54. Ke1 {[%clk 00:04:53]} {[%emt 00:00:06]}
Kd3 {[%clk 00:10:58]} {[%emt 00:00:23]} 55. c4 {[%clk 00:04:46]} {[%emt
00:00:37]} e2 {[%clk 00:10:45]} {[%emt 00:00:43]} 56. c5 {[%clk 00:04:54]}
{[%emt 00:00:22]} f4 {[%clk 00:11:10]} {[%emt 00:00:05]} 57. c6 {[%clk
00:05:13]} {[%emt 00:00:11]} f3 {[%clk 00:11:35]} {[%emt 00:00:05]} 0-1